One Direction- One Thing (All Lyrics) - Statistics

General Stats
  • This quiz has been taken 262 times
  • The average score is 280 of 317
Answer Stats
Hint Answer % Correct
you
100%
I
99%
my
98%
of
97%
on
97%
out
97%
thing
97%
get
96%
that
96%
one
95%
and
94%
got
94%
head
94%
it
94%
Chorus: so
94%
your
93%
you've
93%
but
92%
know
91%
I'm
90%
the
90%
is
89%
what
89%
don't
88%
me
88%
need
88%
cause
87%
fall
87%
to
87%
arms
85%
at
85%
be
85%
can't
85%
instead
85%
into
85%
mind
84%
heart
82%
make
82%
when
82%
now
81%
looking
80%
you're
80%
cool
78%
Verse 1: I've
77%
here
76%
sky
76%
dying
75%
just
75%
with
75%
all
74%
playing
74%
night
73%
shot
73%
tried
73%
frozen
72%
keep
72%
see
72%
day
71%
ever
71%
kryptonite
71%
making
71%
name
71%
yeah
71%
gotta
69%
Pre-Chorus: something's
68%
weak
68%
life
67%
breathe
66%
come
64%
race
64%
brave
62%
notice
62%
give
61%
going
61%
Bridge: oh
55%
walls
55%
climbing
52%
woah
29%
No matching quizzes found
Score Distribution
Percent of People with Each Score
Percentile by Number Answered
Your Score History
You have not taken this quiz